00610nam a2200205Ia 4500003000400000005001700004008004100021020001500062040001800077041000800095082002000103100002100123245006400144250001200208260004600220300003100266650004300297650003100340650003300371OSt20250920085712.0210716s2006 xx 000 0 und d a8126506954 cAIMIT LIBRARY aeng a005.7525 bGOSD aGosnell, Denise. aBeginning access 2003 vba programming /cBy Denise Gosnell. a1st ed. aNew Delhi :bWiley India Pvt Ltd ,c2006. axx,522,8 p.;bPBc24.5 cm. aBasics of writing and testing vba code aBuilding interactive forms aInteracting with data using